Départements français les plus au nord - Statistiques

Statistiques générales
  • Ce quiz a été pris 173 fois
  • Le résultat moyen est 12 sur 14
Statistiques - réponses
Lattitude Département % Correct
51°05′N Nord
100%
50°58'N Pas-de-Calais
99%
49°42'N Oise
95%
50°20'N Somme
95%
50°08'N Ardennes
89%
50°02'N Seine-Maritime
89%
50°02'N Aisne
88%
49°23'N Calvados
87%
49°32'N Meurthe-et-Moselle
84%
49°23'N Marne
82%
49°35'N Meuse
82%
49°29'N Moselle
82%
49°39'N Manche
80%
49°28'N Eure
78%
Aucun quiz correspondant
Distribution des résultats
% des personnes avec chaque résultat
Percentile par nombre de réponses
Votre historique - résultats
Vous n’avez pas pris ce quiz